| 000 | 00651nam a2200241Ia 4500 | ||
|---|---|---|---|
| 008 | 170203s9999 xx 000 0 und d | ||
| 020 | _a9710860119 | ||
| 050 | _a658.3 | ||
| 050 | _b.M386h 2008 | ||
| 100 | _aMartires, Concepcion Rodil. | ||
| 245 | _aHuman resources management : | ||
| 245 | _bprinciples and practices / | ||
| 245 | _cConcepcion Rodil Martires. | ||
| 250 | _athird edition. | ||
| 260 | _aMandaluyong City : | ||
| 260 | _bNational Book Store, | ||
| 260 | _c1999 | ||
| 300 | _a461 pages ; | ||
| 300 | _c22 cm. | ||
| 500 | _aIncludes index. | ||
| 650 | _aOrganizational behavior. | ||
| 650 | _aPersonnel management. | ||
| 999 |
_c305470 _d305470 |
||